| LEADER |
00789nam0a2200229 450 |
| 001 |
16838910 |
| 010 |
|
|
|a 979-10-347-3775-8
|b br.
|d 14,5
|
| 100 |
|
|
|a 20220104d2021 u u0frey01 ba
|
| 101 |
0 |
|
|a fre
|
| 102 |
|
|
|a FR
|
| 200 |
0 |
|
|a Yannis
|f Pierre-Paul Renders, Florence Hinckel, Adrian Huelva, Denis lapière, Amparo Crespo
|
| 207 |
|
1 |
|a
|
| 210 |
|
|
|a Paris
|b 57, bd de La Villette
|c Dupuis
|d 2021
|
| 215 |
|
|
|a 1 vol. (133 p.)
|d 25 cm
|
| 700 |
|
0 |
|a Renders
|b Pierre-Paul
|4 90
|
| 701 |
|
0 |
|a Hinckel
|b Florence
|f 1973-....
|4 70
|
| 701 |
|
0 |
|a Huelva
|b Adrian
|4 0
|
| 701 |
|
0 |
|a lapière
|b Denis
|4 90
|
| 701 |
|
0 |
|a Crespo
|b Amparo
|4 0
|
| 900 |
|
|
|a Bande Dessinée enfant ado
|
| 901 |
|
|
|a Accessible au prêt
|
| 995 |
|
|
|a Bibliothèque
|c Bibliothèque
|f 024022232
|h 024022232
|k BDJ REN
|o p
|q j
|r az
|e Bibliothèque
|